000 00198nam a22000857a 4500
008 161122b xxu||||| |||| 00| 0 eng d
100 _91313
_aGrolier.
245 _aDisney Hercules
260 _aU.S.A.
_c2002
999 _c4026
_d4026